[Event "George Trundle Reserves"]
[Site "Auckland"]
[Date "2020.01.07"]
[Round "4"]
[White "MacDonald, Paul"]
[Black "Ha, Huy Minh"]
[Result "1-0"]
[WhiteElo "1900"]
[BlackElo "1675"]
[PlyCount "153"]
[EventDate "2020.01.04"]
[EventType "tourn"]
[EventRounds "9"]
[EventCountry "NZL"]
[SourceTitle "EXT 2021"]
[Source "ChessBase"]
[SourceDate "2020.10.23"]
[SourceVersion "1"]
[SourceVersionDate "2020.10.23"]
[SourceQuality "1"]

1. g3 e5 2. Bg2 Nf6 3. Nf3 Nc6 4. d3 d5 5. 0-0 Bg4 6. Nbd2 Qd7 7. c3 Bh3 8. b4 Bxg2 9. Kxg2 e4 10. Ne1 Be7 11. Qc2 Qf5 12. f3 exd3 13. Nxd3 0-0 14. Nb3 Rfe8 15. Nd4 Nxd4 16. cxd4 c6 17. Bd2 Bd6 18. e3 Qg6 19. Rac1 Nd7 20. a4 Nb6 21. Nb2 a5 22. Qxg6 hxg6 23. bxa5 Nd7 24. Nd3 Bc7 25. Nc5 Nxc5 26. Rxc5 Bd6 27. Rc2 Bc7 28. Rb1 Bxa5 29. Bxa5 Rxa5 30. Rxb7 Rxa4 31. Rb3 Ra6 32. Rbc3 Re6 33. Kf2 f5 34. h4 Kf7 35. Ke2 Kf6 36. Kd3 Rb6 37. Ra2 Re7 38. Rac2 Re6 39. Ra2 Re7 40. Ra8 Re6 41. Rc8 Ra6 42. Rb3 Re7 43. Rc3 Re6 44. Rc7 Rb6 45. Ra3 Re7 46. Rxe7 Kxe7 47. Ra7+ Kf6 48. Kc2 Ke6 49. Rxg7 Kf6 50. Rc7 Ke6 51. g4 fxg4 52. fxg4 Kf6 53. Kc3 Ke6 54. h5 gxh5 55. gxh5 Kd6 56. Rg7 Rb8 57. Rg6+ Kd7 58. h6 Rh8 59. Kd3 Ra8 60. Ke2 Ra2+ 61. Kf3 Rh2 62. Kg4 Rh1 63. Kg5 Rh3 64. Rg7+ Ke6 65. Rg6+ Kf7 66. Rxc6 Rxe3 67. Rd6 Re1 68. Rxd5 Rg1+ 69. Kf4 Rf1+ 70. Ke5 Re1+ 71. Kf5 Rf1+ 72. Ke4 Rh1 73. Rd6 Ke7 74. Ra6 Rh4+ 75. Kd5 Rh5+ 76. Kc4 Kd8 77. h7 1-0

[Event "Doncaster 4NCL op-A 18th"]
[Site "Doncaster"]
[Date "2018.04.13"]
[Round "1"]
[White "MacDonald, Paul"]
[Black "Brown, Martin"]
[Result "0-1"]
[WhiteElo "2002"]
[BlackElo "2265"]
[PlyCount "58"]
[EventDate "2018.04.13"]
[EventType "swiss"]
[EventRounds "5"]
[EventCountry "ENG"]
[SourceTitle "CBM 184 Extra"]
[Source "ChessBase"]
[SourceDate "2018.06.28"]
[SourceVersion "1"]
[SourceVersionDate "2018.06.28"]
[SourceQuality "1"]

1. d4 Nf6 2. c4 g6 3. Nc3 d5 4. cxd5 Nxd5 5. e4 Nxc3 6. bxc3 Bg7 7. Be3 c5 8. Qd2 Qa5 9. Nf3 0-0 10. Rc1 Rd8 11. d5 e6 12. c4 Qxd2+ 13. Nxd2 Na6 14. Be2 b6 15. 0-0 Nb4 16. a3 Na2 17. Rc2 Nc3 18. Bd3 Ba6 19. Rfc1 exd5 20. exd5 Nxd5 21. Be4 Nxe3 22. fxe3 Rab8 23. Bd5 Bb7 24. e4 Bxd5 25. exd5 Re8 26. Nf3 Re3 27. Rd1 Rxa3 28. Re2 Bf6 29. d6 Kf8 0-1

[Event "Prague Prucha Memorial"]
[Site "Prague"]
[Date "2017.07.08"]
[Round "8"]
[White "MacDonald, Paul"]
[Black "Pribyl, Viktor"]
[Result "1-0"]
[WhiteElo "1986"]
[BlackElo "1953"]
[PlyCount "79"]
[EventDate "2017.07.01"]
[EventType "tourn"]
[EventRounds "9"]
[EventCountry "CZE"]
[SourceTitle "CBM 179 Extra"]
[Source "ChessBase"]
[SourceDate "2017.08.23"]
[SourceVersion "1"]
[SourceVersionDate "2017.08.23"]
[SourceQuality "1"]

1. b3 e5 2. Bb2 d6 3. e4 Nf6 4. Nc3 Nbd7 5. Nf3 Be7 6. d4 c6 7. a4 Qc7 8. Be2 h6 9. 0-0 Nf8 10. Re1 g5 11. Bf1 Ng6 12. g3 Bg4 13. Bg2 Qc8 14. Qd3 Rg8 15. dxe5 dxe5 16. Ne2 Qe6 17. Qc3 Nxe4 18. Qa5 b6 19. Qa6 Qf6 20. Qd3 Nc5 21. Qe3 Bxf3 22. Bxf3 Nd7 23. Qe4 Rc8 24. Red1 Nc5 25. Qe3 Qe6 26. a5 Kf8 27. axb6 axb6 28. Ra7 Qf5 29. b4 Ne6 30. Be4 Qf6 31. Qxb6 c5 32. b5 c4 33. Ba3 Bxa3 34. Rxa3 Kg7 35. Rd7 g4 36. Raa7 Rgf8 37. Nc3 Qg5 38. Qxe6 Qc1+ 39. Kg2 Kh8 40. Qxg6 1-0

[Event "Prague Prucha Memorial"]
[Site "Prague"]
[Date "2017.07.01"]
[Round "1"]
[White "MacDonald, Paul"]
[Black "Novacek, Josef"]
[Result "1/2-1/2"]
[WhiteElo "1986"]
[BlackElo "2159"]
[PlyCount "95"]
[EventDate "2017.07.01"]
[EventType "tourn"]
[EventRounds "9"]
[EventCountry "CZE"]
[SourceTitle "CBM 179 Extra"]
[Source "ChessBase"]
[SourceDate "2017.08.23"]
[SourceVersion "1"]
[SourceVersionDate "2017.08.23"]
[SourceQuality "1"]

1. b3 Nf6 2. Bb2 d6 3. d4 g6 4. Nf3 Bg7 5. Nbd2 d5 6. g3 Bf5 7. Bg2 Qc8 8. 0-0 Bh3 9. c4 Bxg2 10. Kxg2 0-0 11. cxd5 Nxd5 12. e4 Nb6 13. Qc2 Na6 14. Rac1 Qd7 15. a3 c6 16. Rfd1 f5 17. Ne5 Qe6 18. Ndc4 Nxc4 19. Qxc4 Qxc4 20. bxc4 fxe4 21. Re1 Bxe5 22. dxe5 Nc5 23. Rc2 Rad8 24. Bc3 Rf5 25. Bb4 Rxe5 26. Bxc5 Rxc5 27. Rxe4 e5 28. Rce2 Rd4 29. f4 Rdxc4 30. fxe5 Rxe4 31. Rxe4 Kf7 32. Rh4 h5 33. Rf4+ Ke7 34. Rf6 Rxe5 35. Rxg6 Kd7 36. Rg7+ Re7 37. Rg5 Rh7 38. Kf3 Ke6 39. Kf4 h4 40. g4 Rf7+ 41. Ke3 Rf1 42. Rh5 Ra1 43. Rxh4 Rxa3+ 44. Kf4 Kf6 45. Rh6+ Kg7 46. Rd6 Ra4+ 47. Kf5 Ra5+ 48. Ke6 1/2-1/2

[Event "Waitakere Trusts op 40th"]
[Site "Waitakere"]
[Date "2017.06.03"]
[Round "1"]
[White "Ker, Anthony F"]
[Black "MacDonald, Paul"]
[Result "1/2-1/2"]
[WhiteElo "2315"]
[BlackElo "1985"]
[PlyCount "104"]
[EventDate "2017.06.03"]
[EventType "swiss"]
[EventRounds "6"]
[EventCountry "NZL"]
[SourceTitle "EXT 2018"]
[Source "ChessBase"]
[SourceDate "2017.10.13"]
[SourceVersion "1"]
[SourceVersionDate "2017.10.13"]
[SourceQuality "1"]

1. e4 d6 2. d4 Nf6 3. Nc3 g6 4. Bg5 Bg7 5. Qd2 h6 6. Bf4 g5 7. Bg3 Nh5 8. Nge2 e6 9. 0-0-0 Nc6 10. Qe3 Qe7 11. f3 Nxg3 12. Nxg3 Rg8 13. Bb5 Bd7 14. Nh5 Bh8 15. Rhe1 a6 16. Bxc6 Bxc6 17. Nd5 exd5 18. exd5 Qxe3+ 19. Rxe3+ Kd7 20. dxc6+ bxc6 21. c3 Rae8 22. Rde1 Rxe3 23. Rxe3 f5 24. Re2 f4 25. Kd2 Rg6 26. Kd3 d5 27. g3 fxg3 28. hxg3 Bg7 29. g4 Bf8 30. Ng3 Rf6 31. Ke3 c5 32. Kf2 cxd4 33. cxd4 c5 34. Kg2 cxd4 35. Rd2 Bc5 36. b4 Ba7 37. Nf5 Kc6 38. a4 Re6 39. Kf1 Rf6 40. Ke2 h5 41. Nxd4+ Bxd4 42. Rxd4 hxg4 43. Rxg4 Rf5 44. Ke3 Kd6 45. Rg1 Ke5 46. Rg4 d4+ 47. Rxd4 Rxf3+ 48. Kxf3 Kxd4 49. b5 axb5 50. axb5 g4+ 51. Kxg4 Kc5 52. b6 Kxb6 1/2-1/2

[Event "Auckland ANZAC op"]
[Site "Auckland"]
[Date "2017.04.25"]
[Round "5"]
[White "MacDonald, Paul"]
[Black "Gong, Daniel Hanwen"]
[Result "0-1"]
[WhiteElo "2002"]
[BlackElo "2295"]
[PlyCount "62"]
[EventDate "2017.04.22"]
[EventType "swiss"]
[EventRounds "6"]
[EventCountry "NZL"]
[SourceTitle "CBM 178 Extra"]
[Source "ChessBase"]
[SourceDate "2017.06.22"]
[SourceVersion "1"]
[SourceVersionDate "2017.06.22"]
[SourceQuality "1"]

1. d4 d6 2. c4 e5 3. e4 exd4 4. Qxd4 Nc6 5. Qd2 f5 6. Nc3 Nf6 7. exf5 Bxf5 8. Nf3 Qd7 9. Be2 0-0-0 10. 0-0 h6 11. b3 g5 12. Bb2 Bg7 13. Rad1 Kb8 14. Nd5 Ne4 15. Qc1 h5 16. Nd4 Nxd4 17. Bxd4 Bxd4 18. Rxd4 Qg7 19. Rfd1 g4 20. Ne3 Bh7 21. c5 Qf6 22. f3 gxf3 23. Bxf3 Ng5 24. Bxb7 Kxb7 25. Rb4+ Kc8 26. c6 Nh3+ 27. Kh1 Nf2+ 28. Kg1 Nxd1 29. Qc4 Qf2+ 30. Kh1 Qe1+ 31. Nf1 Bd3 0-1

[Event "Australian op"]
[Site "Brisbane"]
[Date "2017.01.02"]
[Round "1"]
[White "MacDonald, Paul"]
[Black "Fereday, Anthony"]
[Result "1-0"]
[WhiteElo "1972"]
[BlackElo "1604"]
[PlyCount "23"]
[EventDate "2017.01.02"]
[EventType "swiss"]
[EventRounds "11"]
[EventCountry "AUS"]
[SourceTitle "CBM 176 Extra"]
[Source "ChessBase"]
[SourceDate "2017.03.02"]
[SourceVersion "1"]
[SourceVersionDate "2017.03.02"]
[SourceQuality "1"]

1. b3 d5 2. Bb2 c5 3. Nf3 Bg4 4. Ne5 Bf5 5. e3 Nc6 6. Bb5 Qb6 7. Nc3 d4 8. Nd5 Qd8 9. Nxc6 bxc6 10. Bxc6+ Bd7 11. Bxa8 Qxa8 12. Nc7+ 1-0

[Event "Auckland CC-ch"]
[Site "Auckland"]
[Date "2016.08.08"]
[Round "7"]
[White "MacDonald, Paul"]
[Black "Lyall, Simon"]
[Result "1-0"]
[WhiteElo "1980"]
[BlackElo "1785"]
[PlyCount "73"]
[EventDate "2016.06.27"]
[EventType "tourn"]
[EventRounds "9"]
[EventCountry "NZL"]
[SourceTitle "EXT 2018"]
[Source "ChessBase"]
[SourceDate "2017.10.13"]
[SourceVersion "1"]
[SourceVersionDate "2017.10.13"]
[SourceQuality "1"]

1. b3 d5 2. Bb2 d4 3. Nf3 Nc6 4. e3 dxe3 5. fxe3 Bg4 6. Be2 Nf6 7. 0-0 Qd6 8. Na3 0-0-0 9. Nc4 Qc5 10. Nfe5 Nxe5 11. Nxe5 Be6 12. d4 Qb6 13. c4 c6 14. Bf3 Nd7 15. Nd3 f6 16. Qe2 Bf7 17. Kh1 e6 18. c5 Qc7 19. b4 e5 20. dxe5 Nxe5 21. Nxe5 fxe5 22. Bg4+ Kb8 23. Rad1 Rxd1 24. Rxd1 Bd5 25. e4 h5 26. Bh3 g5 27. Bf5 Bg7 28. exd5 Rd8 29. dxc6 bxc6 30. Rxd8+ Qxd8 31. Bxe5+ Bxe5 32. Qxe5+ Kb7 33. Qd6 Qh8 34. h3 Qa1+ 35. Kh2 Qxa2 36. Qd7+ Kb8 37. Qc8# 1-0

[Event "Auckland CC-ch"]
[Site "Auckland"]
[Date "2016.07.18"]
[Round "4"]
[White "Rider, Brett"]
[Black "MacDonald, Paul"]
[Result "0-1"]
[WhiteElo "1934"]
[BlackElo "1980"]
[PlyCount "30"]
[EventDate "2016.06.27"]
[EventType "tourn"]
[EventRounds "9"]
[EventCountry "NZL"]
[SourceTitle "EXT 2018"]
[Source "ChessBase"]
[SourceDate "2017.10.13"]
[SourceVersion "1"]
[SourceVersionDate "2017.10.13"]
[SourceQuality "1"]

1. f4 d6 2. Nf3 Bg4 3. e3 Nc6 4. d4 d5 5. c3 Nf6 6. Bd3 e6 7. Nbd2 Bd6 8. b3 Ne7 9. Bb2 0-0 10. 0-0 c5 11. Qe2 Rc8 12. Rac1 cxd4 13. cxd4 Qa5 14. Bb1 Ba3 15. Qd3 Bxb2 0-1

[Event "George Trundle Qualifiers"]
[Site "Auckland"]
[Date "2016.07.17"]
[Round "9"]
[White "MacDonald, Paul"]
[Black "Fan, Allen Chi Zhou"]
[Result "0-1"]
[WhiteElo "1989"]
[BlackElo "1843"]
[PlyCount "68"]
[EventDate "2016.07.09"]
[EventType "tourn"]
[EventRounds "9"]
[EventCountry "NZL"]
[SourceTitle "EXT 2018"]
[Source "ChessBase"]
[SourceDate "2017.10.13"]
[SourceVersion "1"]
[SourceVersionDate "2017.10.13"]
[SourceQuality "1"]

1. d4 Nf6 2. c4 g6 3. Nc3 Bg7 4. e4 d6 5. f4 e5 6. dxe5 dxe5 7. Qxd8+ Kxd8 8. fxe5 Nfd7 9. Bg5+ Ke8 10. Nd5 Bxe5 11. Nf3 Bd6 12. c5 Nxc5 13. e5 Be6 14. Nf6+ Kf8 15. exd6 cxd6 16. 0-0-0 h6 17. Bf4 Kg7 18. b4 Na4 19. Nd5 Rc8+ 20. Kd2 Bxd5 21. Ke3 Re8+ 22. Kf2 Nc3 23. Rd4 Nc6 24. Rxd5 Nxd5 25. Bxd6 Rad8 26. Bg3 Nc3 27. Bf4 g5 28. Bc1 Ne4+ 29. Kg1 Rd1 30. Bb2+ f6 31. g4 Rb1 32. Ba3 Nc3 33. Kf2 Ra1 34. Bc1 Rxc1 0-1

[Event "George Trundle Qualifiers"]
[Site "Auckland"]
[Date "2016.07.12"]
[Round "4"]
[White "Nyberg, Michael"]
[Black "MacDonald, Paul"]
[Result "1/2-1/2"]
[WhiteElo "1930"]
[BlackElo "1989"]
[PlyCount "154"]
[EventDate "2016.07.09"]
[EventType "tourn"]
[EventRounds "9"]
[EventCountry "NZL"]
[SourceTitle "EXT 2018"]
[Source "ChessBase"]
[SourceDate "2017.10.13"]
[SourceVersion "1"]
[SourceVersionDate "2017.10.13"]
[SourceQuality "1"]

1. c4 e5 2. Nc3 d6 3. g3 f5 4. Bg2 Nf6 5. e3 Be7 6. Nge2 0-0 7. a3 a5 8. Rb1 Na6 9. 0-0 c6 10. d3 Bd7 11. Kh1 Nc7 12. b4 axb4 13. axb4 Ne6 14. b5 Qc7 15. Kg1 Kh8 16. e4 fxe4 17. Nxe4 Nxe4 18. Bxe4 Ng5 19. Bxg5 Bxg5 20. Nc3 g6 21. Bg2 Bf5 22. bxc6 bxc6 23. Ne4 Be7 24. Qe2 d5 25. cxd5 cxd5 26. Rfc1 Qa5 27. Nc3 Rad8 28. h4 Bf6 29. Nd1 Qa6 30. Bf1 e4 31. dxe4 Qxe2 32. Bxe2 Bxe4 33. Rb3 d4 34. Bd3 Bd5 35. Rb5 Rfe8 36. Nb2 Bg7 37. Na4 Bh6 38. Rf1 Bf3 39. Nc5 Re5 40. Rfb1 Rde8 41. Rf1 Rc8 42. Nb3 Rxb5 43. Bxb5 d3 44. Nd4 Be4 45. Rd1 Rd8 46. Ne6 Rd6 47. Nc5 Bf3 48. Rxd3 Rxd3 49. Bxd3 Bf8 50. Ne6 Bd6 51. Ng5 Bd5 52. Be4 Bc4 53. Kg2 Kg7 54. Nf3 Be6 55. Nd4 Bc4 56. g4 Bc5 57. Nc6 Bd6 58. Kf3 Be6 59. Nd4 Bc4 60. Ke3 Bc5 61. Bd3 Bd5 62. Be4 Bc4 63. Bc6 Be6 64. f3 Ba2 65. Ke4 Bd6 66. f4 Be7 67. g5 Bb1+ 68. Ke5 Bb4 69. Be4 Ba2 70. f5 gxf5 71. Nxf5+ Kh8 72. h5 Bc3+ 73. Kf4 Bd2+ 74. Kg4 Bb3 75. Bf3 Be6 76. Be4 h6 77. g6 Bxf5+ 1/2-1/2

[Event "George Trundle Qualifiers"]
[Site "Auckland"]
[Date "2016.07.09"]
[Round "1"]
[White "Bennett, Hilton Petrie"]
[Black "MacDonald, Paul"]
[Result "1-0"]
[WhiteElo "1977"]
[BlackElo "1989"]
[PlyCount "97"]
[EventDate "2016.07.09"]
[EventType "tourn"]
[EventRounds "9"]
[EventCountry "NZL"]
[SourceTitle "EXT 2018"]
[Source "ChessBase"]
[SourceDate "2017.10.13"]
[SourceVersion "1"]
[SourceVersionDate "2017.10.13"]
[SourceQuality "1"]

1. e4 d6 2. Nc3 Nf6 3. f4 d5 4. e5 d4 5. exf6 dxc3 6. fxg7 cxd2+ 7. Qxd2 Qxd2+ 8. Bxd2 Bxg7 9. 0-0-0 Nc6 10. Nf3 0-0 11. Bb5 Bg4 12. Bxc6 bxc6 13. Rhf1 Rab8 14. c3 Rfd8 15. h3 Bf5 16. Rfe1 Rd5 17. g4 Bd3 18. Ne5 Bxe5 19. Rxe5 Rxe5 20. fxe5 Rd8 21. Be3 a6 22. b3 Rd5 23. c4 Rd7 24. Rd2 Kf8 25. Kb2 Ke8 26. Kc3 Bf1 27. Rxd7 Kxd7 28. h4 Be2 29. g5 Ke6 30. Bc5 f5 31. exf6 exf6 32. gxf6 Kxf6 33. Kb4 Bg4 34. Be3 Ke5 35. Bg1 Bc8 36. Bh2+ Ke4 37. Kc5 Bd7 38. Bxc7 Kd3 39. a4 Kc3 40. b4 Be6 41. b5 cxb5 42. cxb5 axb5 43. axb5 Bg4 44. Be5+ Kd3 45. Kc6 Ke4 46. Bd6 Kf5 47. b6 Ke6 48. Kc7 Bf3 49. Bb4 1-0

[Event "Henderson Trusts op 39th"]
[Site "Henderson"]
[Date "2016.06.06"]
[Round "6"]
[White "Timergazi, Layla"]
[Black "MacDonald, Paul"]
[Result "0-1"]
[WhiteElo "1956"]
[BlackElo "1980"]
[PlyCount "80"]
[EventDate "2016.06.04"]
[EventType "swiss"]
[EventRounds "6"]
[EventCountry "NZL"]
[SourceTitle "EXT 2018"]
[Source "ChessBase"]
[SourceDate "2017.10.13"]
[SourceVersion "1"]
[SourceVersionDate "2017.10.13"]
[SourceQuality "1"]

1. d4 d6 2. c4 e5 3. d5 a5 4. e4 f5 5. Nc3 Nf6 6. Bg5 Be7 7. Bd3 Nxe4 8. Nxe4 Bxg5 9. Qh5+ g6 10. Qxg5 fxe4 11. Qxd8+ Kxd8 12. Bxe4 Bf5 13. Bf3 Na6 14. g4 Bd3 15. Rc1 Rf8 16. Bg2 Rf4 17. f3 Rxc4 18. Rd1 Nc5 19. Nh3 Rc2 20. Rd2 Rc1+ 21. Kf2 Rxh1 22. Bxh1 Ke7 23. Ke3 Bf1 24. Nf2 a4 25. Ne4 Ra5 26. Nc3 Bc4 27. f4 exf4+ 28. Kxf4 Nd3+ 29. Kg5 Ne5 30. Kh6 Nxg4+ 31. Kxh7 Kf6 32. Rd4 Ne5 33. Rf4+ Kg5 34. Rf8 Bd3 35. Rc8 Rc5 36. Nxa4 Rc2 37. h4+ Kxh4 38. Kg8 g5 39. Kf8 g4 40. Ke8 Bf5 0-1

[Event "Henderson Trusts op 39th"]
[Site "Henderson"]
[Date "2016.06.04"]
[Round "1"]
[White "MacDonald, Paul"]
[Black "Smith, Robert Wayne"]
[Result "0-1"]
[WhiteElo "1980"]
[BlackElo "2205"]
[PlyCount "40"]
[EventDate "2016.06.04"]
[EventType "swiss"]
[EventRounds "6"]
[EventCountry "NZL"]
[SourceTitle "EXT 2018"]
[Source "ChessBase"]
[SourceDate "2017.10.13"]
[SourceVersion "1"]
[SourceVersionDate "2017.10.13"]
[SourceQuality "1"]

1. d4 Nf6 2. c4 g6 3. Nc3 Bg7 4. e4 d6 5. f4 0-0 6. Nf3 c5 7. d5 e6 8. Be2 exd5 9. cxd5 Re8 10. e5 dxe5 11. fxe5 Ng4 12. Bg5 Qb6 13. Qd2 Nxe5 14. 0-0-0 Nbd7 15. d6 Qa5 16. Nd5 Qxa2 17. Nc7 Nxf3 18. Bxf3 Qa1+ 19. Kc2 Qxb2+ 20. Kd3 Qb3+ 0-1